000
00239nam a2200097Ia 4500
005
20251222114352.0
008
251222s1900||||xx |||||||||||||| ||spa||
082
_a
DVD0060/K57/2009
245
0
_a
Están todos bien:Everybody's Fine
942
_c
DVD
999
_c
1290
_d
1290